Things That Are Green Quiz Stats

 Plays Quiz Updated Jul 7, 2017

Score 0/20 Timer 04:00
7 Plays Today
Answer % Correct
Lime
96.8%
Hose
95.6%
Clover
95.2%
Green Pepper
94.5%
Cactus
94.4%
Avocado
92.5%
Emerald
91.3%
Olives
90.6%
Asparagus
90%
Mint Jelly
87.6%
Answer % Correct
Caterpillar
87.5%
Lily Pads
86.6%
$10 Bill
85.4%
Praying Mantis
83.5%
Geico Gecko
80.1%
Mistletoe
73.8%
Parsley
67.2%
Chicago River
51.8%
Sparty
51.5%
Jade
40.6%

You're not logged in!

Compare scores with friends on all Sporcle quizzes.
OR
Log In

Sporcle TV

Today on Sporcle TV


Watch our educational content, quiz creation guides, and fun videos on Sporcle TV.

Show Comments

Extras

Top Quizzes Today


Score Distribution

Your Account Isn't Verified!

In order to create a playlist on Sporcle, you need to verify the email address you used during registration. Go to your Sporcle Settings to finish the process.

Report this User

Report this user for behavior that violates our Community Guidelines.

Details: